00974nam a2200241 i 4500001000400000245008200004246002800086260007000114300005600184501011200240505005000352650003600402710003000438020001500468040000800483041000800491920001800499942000700517008004100524999001700565856009800582952005200680bgj00aThe World Book Encyclopedia.nVol. 4,pCi-Cz /cpublished by World Book, Inc. aWorld Book Encyclopedia aChicago :bWorld Book - Childcraft International, Inc.,cc. 1980. a547 pp. :bill., maps, tables (some col.) ;c26 cm. aAn encyclopedia designed especially to meet the needs of elementary, junior high, and high school students. aIncludes Research Guide and Index in vol. 22. 9aEncyclopedies and |dictionariesp0aWorld Book, Inc.aChicago a0716600803 cBPK0 aeng a0-7166-0080-3 cKS s uk f |000 0 eng  c41434d41434 uhttp://koha.tu.koszalin.pl/cgi-bin/koha/opac-detail.pl?biblionumber=41434yKatalog online BPK 00104070aBPKbBPKckwoKA 2528p09056190yKS